000 00437nam a2200169Ia 4500
008 240729s9999 xx 000 0 und d
022 _a2674-0710
245 0 _aVenereology
260 _aSwitzerland
260 _bMDPI AG
650 _a Internal medicine
650 _a Specialties of internal medicine
650 _aMedicine
856 _uhttps://doaj.org/toc/fb3a73bb77184615b76431697a49e867
942 _2ddc
942 _cDOAJEJ
999 _c68466
_d68466
945 _a1
_bMadushi Gamage
_c1
_dMadushi Gamage